00854nam a2200229 i 4500003000900000005001700009007000300026008004100029020001500070040003000085082001300115100003000128245013600158264004200294300004100336336002700377337003300404338002800437490003400465504007300499700005200572DO-SdBNP20240923143319.0ta240923s1998 sp a 000 0 spa d a8448709195 aDO-SdBNPbspacBNPHUerda 222bS3871 4aut.aSchultz, Uweeautor13aLa fiesta :buna historia cultural desde la antigüedad hasta nuestros días /cUwe Schultz ; traducción José Luis Gil Aristu1 aBarcelona, España :bAltaya,c1998. a367 páginasbilustracionesc20 cm. atextobtxt2rdacontent asin mediaciónbn2rdamedia avolumenbnc2rdacarrier1 aGrandes obras de historiav71 aIncluye referencias bibliográficas y notas al pie de las páginas 4trad.a Gil Aristu, José Luise traducción